| 000 | 00513nam a2200193Ia 4500 | ||
|---|---|---|---|
| 008 | 180207s9999 xx 000 0 und d | ||
| 020 | _a9789715082464 | ||
| 050 | _bB441 2006 | ||
| 100 | _aBellen, Christine | ||
| 245 | _aFilemon mamon / | ||
| 245 | _cby Christine Bellen ; illustrated by Jason Moss. | ||
| 260 | _aMetro Manila, Philippines : | ||
| 260 | _bAdarna House, | ||
| 260 | _c2006 | ||
| 300 | _aunpaged : | ||
| 300 | _bchiefly colored ; | ||
| 300 | _c22cm. | ||
| 650 | _aA book in 2 languages. | ||
| 999 |
_c355793 _d355793 |
||